Statistics for States of India

Click here to take the quiz!

General Stats

  • This quiz has been taken 3 times
  • The average score is 3 of 36

Answers on the Map

Answers color-coded by a green-red scale on the quiz's map according to % correct below.
 

Answer Stats

State% Correct
Goa
100%
Delhi
50%
Kerala
50%
Punjab
50%
Uttar Pradesh
50%
Andaman and
Nicobar Islands
0%
Andhra Pradesh
0%
Arunachal Pradesh
0%
Assam
0%
Bihar
0%
Chandigarh
0%
Chhattisgarh
0%
Dadra and Nagar Haveli
and Daman and Diu
0%
Gujarat
0%
Haryana
0%
Himachal Pradesh
0%
Jammu and Kashmir
0%
Jharkhand
0%
Karnataka
0%
Ladakh
0%
Lakshadweep
0%
Madhya Pradesh
0%
Maharashtra
0%
Manipur
0%
Meghalaya
0%
Mizoram
0%
Nagaland
0%
Odisha
0%
Puducherry
0%
Rajasthan
0%
Sikkim
0%
Tamil Nadu
0%
Telangana
0%
Tripura
0%
Uttarakhand
0%
West Bengal
0%

Score Distribution

Percentile by Number Answered

Percent of People with Each Score

Your Score History

You have not taken this quiz